How to sell apartment building : The big in real estate

Bibliographic Details
Main Author: Earle, Gary
Format: Book
Published: Chicago : Longman Financial Services Publishing , 1988
Subjects:

MARC

LEADER 00000cam a2200000 7i4500
001 0000002946
005 20021114.0
040 |a INS 
090 0 0 |a HD1394.   |b E24 1988 
100 1 |a Earle, Gary 
245 1 0 |a How to sell apartment building :   |b The big in real estate   |c Gary Earle 
260 |a Chicago :   |b Longman Financial Services Publishing ,   |c 1988 
300 |a xiv, 183p. ;   |c 23 cm. 
500 |a Includes index 
650 0 0 |a Apartment houses 
650 0 0 |a Real estate business 
999 |a 0000004155   |b BOOK   |c Open Shelf   |e Default branch